Cracking The GRE (Record no. 303816)
[ view plain ]
| 000 -LEADER | |
|---|---|
| fixed length control field | 00433nam a2200169Ia 4500 |
| 008 - FIXED-LENGTH DATA ELEMENTS--GENERAL INFORMATION | |
| fixed length control field | 230718s9999 xx 000 0 und d |
| 041 ## - LANGUAGE CODE | |
| Language code of text/sound track or separate title | eng |
| 082 ## - DEWEY DECIMAL CLASSIFICATION NUMBER | |
| Classification number | 378.1162 |
| Item number | LUR |
| 100 ## - MAIN ENTRY--PERSONAL NAME | |
| Personal name | Lurie K. |
| 9 (RLIN) | 113536 |
| 245 ## - TITLE STATEMENT | |
| Title | Cracking The GRE |
| 260 ## - PUBLICATION, DISTRIBUTION, ETC. (IMPRINT) | |
| Date of publication, distribution, etc. | 2003 |
| Name of publisher, distributor, etc. | Radam House Inc |
| 300 ## - PHYSICAL DESCRIPTION | |
| Extent | 330 |
| Accompanying material [OBSOLETE, CAN/MARC] | Ref 158 G (15023) |
| 365 ## - TRADE PRICE | |
| Currency code | Rs. |
| Price amount | 450.00 |
| 500 ## - GENERAL NOTE | |
| Keywords | 158 GEN |
| 700 ## - ADDED ENTRY--PERSONAL NAME | |
| Personal name | Lurie K. |
| 9 (RLIN) | 113536 |
| 906 ## - LOCAL DATA ELEMENT F, LDF (RLIN) | |
| d | B:491104-Jul-2002 |
| c | OTH |
| b | 67.5 |
| Withdrawn status | Lost status | Source of classification or shelving scheme | Reference No | Damaged status | Not for loan | Home library | Current library | Date acquired | Vendor | Budget Code | Cost, normal purchase price | Bill number | Full call number | Barcode | Date last seen | Discount | Cost, replacement price | Bill Date | Koha item type | Original Barcode |
|---|---|---|---|---|---|---|---|---|---|---|---|---|---|---|---|---|---|---|---|---|
| Dewey Decimal Classification | Ref 158 G (15023) | Reference | Cummins College of Engineering for Women Pune | Cummins College of Engineering for Women Pune | 09/07/2002 | Technical Book Services | OTH | 382.50 | 4911 | 378.1162 | CCEP-BK-15023 | 18/07/2023 | 67.5 | 450.00 | 04/07/2002 | Books | 015023 |